Loading...
History - World History | 0 | 8 | 1 | 2 | 75 | 62 | 101.88 | 1 | 5 |
History - European History | 0 | 7 | 1 | 1 | 65 | 49 | 107.00 | 1 | 2 |
History - Other History | 0 | 7 | 1 | 0 | 65 | 56 | 94.00 | 2 | 4 |
History - American History | 0 | 7 | 2 | 3 | 60 | 87 | 117.57 | 0 | 2 |
Fine Arts - Painting & Sculpture | 0 | 5 | 2 | 0 | 40 | 51 | 98.20 | 2 | 4 |
Fine Arts - Other Fine Arts | 0 | 4 | 0 | 1 | 40 | 71 | 102.75 | 0 | 2 |
Religion | 0 | 4 | 2 | 0 | 30 | 50 | 104.25 | 0 | 1 |
Philosophy | 0 | 2 | 0 | 0 | 20 | 134 | 138.50 | 0 | 0 |
Other Academic | 0 | 2 | 0 | 1 | 20 | 129 | 140.00 | 0 | 0 |
Literature - British Literature | 0 | 2 | 0 | 0 | 20 | 134 | 139.50 | 0 | 0 |
Current Events | 0 | 1 | 0 | 0 | 10 | 100 | 100.00 | 0 | 1 |
Fine Arts - Classical Music | 0 | 1 | 0 | 0 | 10 | 74 | 74.00 | 0 | 0 |
Geography | 0 | 2 | 2 | 1 | 10 | 81 | 113.50 | 0 | 0 |
Literature - World Literature | 0 | 1 | 0 | 0 | 10 | 151 | 151.00 | 0 | 0 |
Mythology | 0 | 1 | 0 | 0 | 10 | 146 | 146.00 | 0 | 0 |
Science - Biology | 0 | 1 | 0 | 0 | 10 | 116 | 116.00 | 0 | 0 |
Science - Physics | 0 | 1 | 0 | 0 | 10 | 54 | 54.00 | 1 | 1 |
Social Science | 0 | 1 | 1 | 0 | 5 | 131 | 131.00 | 0 | 0 |
Literature - European Literature | 0 | 0 | 1 | 0 | -5 | 0.00 | 0 | 0 |